Alle Ausfahrten der Stockerauer Schnellstraße (S5) - Statistiken

Allgemein
  • Dieses Quiz wurde 69 mal gespielt
  • Das Durchschnittsergebnis liegt bei 7 aus 14
Antwortstatistiken
km Bz. Ausfahrt % Korrekt
0,0 KO Stockerau
100%
9,3 TU Tulln
94%
44,5 KS Krems-Mitte
82%
41,8 KS Krems-Ost
82%
27,3 TU Fels am Wagram
76%
35,3 KR Jettsdorf
59%
21,5 TU Königsbrunn am Wagram
47%
32,9 TU Grafenwörth
41%
41,0 KS Gewerbepark Krems
24%
24,9 TU Kirchberg am Wagram
24%
43,5 KS Krems Hafen/Industriezone
24%
36,9 KR Grunddorf
18%
44,0 KS Krems-Landersdorf
18%
39,4 KR Theiß
18%
Keine übereinstimmenden Quizze gefunden
Verteilung der Resultate
Anzahl Personen mit jedem Resultat
Perzentil nach korrekt beantworteten Fragen
Ihre Resultats-Entwicklung
Sie haben dieses Quiz noch nicht gespielt